[Event "BL 1011 SF Katernberg - Nickelhütte Aue"]
[Site "?"]
[Date "2010.10.10"]
[Round "2.4"]
[White "Ris, Robert"]
[Black "Oral, Tomas"]
[Result "1/2-1/2"]
[WhiteElo "2416"]
[BlackElo "2533"]
[PlyCount "87"]
[EventDate "2010.??.??"]

1. d4 Nf6 2. c4 g6 3. g3 c6 4. Nf3 Bg7 5. Bg2 d5 6. cxd5 cxd5 7. O-O O-O 8. Nc3
Nc6 9. Bf4 Ne4 10. Ne5 Bf5 11. Rc1 Rc8 12. Qa4 Nxc3 13. Rxc3 Qb6 14. e3 Nxe5
15. dxe5 Rxc3 16. bxc3 e6 17. e4 Bxe4 18. Bxe4 dxe4 19. Qxe4 Qc7 20. Rd1 b6 21.
Qa4 Rc8 22. Qd7 h6 23. h4 Qxd7 24. Rxd7 a5 25. Rb7 Rxc3 26. Rxb6 Rc2 27. a4 Ra2
28. Rb8+ Kh7 29. Rb7 Kg8 30. Rb8+ Kh7 31. Rb7 g5 32. hxg5 hxg5 33. Bxg5 Bxe5
34. Rxf7+ Kg6 35. Rf8 Kxg5 36. f4+ Kg4 37. Rg8+ Kf3 38. fxe5 Ke4 39. Rg4+ Kd5
40. Kf1 Kxe5 41. Rg5+ Ke4 42. Rxa5 Kf3 43. Ke1 Kxg3 44. Re5 1/2-1/2

[Event "BL 1011 SF Katernberg - Nickelhütte Aue"]
[Site "?"]
[Date "2010.10.10"]
[Round "2.5"]
[White "Petr, Martin"]
[Black "Thesing, Matthias"]
[Result "1/2-1/2"]
[WhiteElo "2468"]
[BlackElo "2432"]
[PlyCount "95"]
[EventDate "2010.??.??"]

1. e4 e6 2. d4 d5 3. Nd2 c5 4. exd5 Qxd5 5. Ngf3 cxd4 6. Bc4 Qd6 7. O-O Nf6 8.
Nb3 Nc6 9. Nbxd4 Nxd4 10. Nxd4 a6 11. Re1 Bd7 12. c3 Qc7 13. Qe2 Bd6 14. h3
Bh2+ 15. Kh1 Bf4 16. Bxf4 Qxf4 17. Bxe6 fxe6 18. Nxe6 Bxe6 19. Qxe6+ Kf8 20.
Qe7+ Kg8 21. Qxb7 Qb8 22. Re7 Qxb7 23. Rxb7 h5 24. Re1 Rh6 25. c4 Rc8 26. b3 h4
27. Re5 Rh5 28. Rxh5 Nxh5 29. Rd7 Nf6 30. Rd4 g5 31. f4 g4 32. hxg4 Nxg4 33. f5
Ne3 34. Rxh4 Nxf5 35. Rf4 Ng3+ 36. Kh2 Ne2 37. Rf2 Re8 38. g3 Re3 39. Rf6 a5
40. Ra6 Rxg3 41. Rxa5 Rc3 42. Rf5 Nc1 43. Rf2 Kg7 44. Kg2 Nxa2 45. Rxa2 Rxb3
46. Kf2 Kf6 47. Ke2 Ke5 48. Kd2 1/2-1/2

[Event "BL 1011 SF Katernberg - Nickelhütte Aue"]
[Site "?"]
[Date "2010.10.10"]
[Round "2.6"]
[White "Scholz, Christian"]
[Black "Gaponenko, Inna"]
[Result "1/2-1/2"]
[WhiteElo "2387"]
[BlackElo "2469"]
[PlyCount "97"]
[EventDate "2010.??.??"]

1. d4 Nf6 2. c4 e6 3. Nf3 c5 4. d5 b5 5. dxe6 fxe6 6. cxb5 a6 7. Bg5 axb5 8. e4
Qa5+ 9. Bd2 b4 10. e5 Ne4 11. Bd3 d5 12. exd6 Nxd6 13. Ne5 g6 14. Na3 Nd7 15.
Nac4 Nxe5 16. Nxe5 Bg7 17. Qe2 O-O 18. O-O Nf5 19. Nc4 Qc7 20. Qe4 Bd7 21. Bf4
Qc6 22. Rfe1 Qxe4 23. Bxe4 Ra7 24. Be5 Bb5 25. Bxg7 Kxg7 26. Bd3 Rd8 27. Bf1
Nd4 28. Rec1 Rda8 29. Nb6 Rb8 30. Bxb5 Nxb5 31. Nc4 Nd4 32. Kf1 Rba8 33. Nb6
Rb8 34. Nc4 Ra6 35. Rd1 Rba8 36. a3 R8a7 37. Rac1 Rb7 38. g3 bxa3 39. bxa3 Rb3
40. Ne5 Ra5 41. Nd7 Rbxa3 42. Nxc5 e5 43. Nd7 R3a4 44. Rc7 Ne6 45. Rb7 Nd8 46.
Rc7 Ne6 47. Rb7 Nd8 48. Rb8 Nf7 49. Rb7 1/2-1/2

[Event "BL 1011 SF Katernberg - Nickelhütte Aue"]
[Site "?"]
[Date "2010.10.10"]
[Round "2.7"]
[White "Spiess, Gunter"]
[Black "Kotainy, Jens"]
[Result "1/2-1/2"]
[WhiteElo "2429"]
[BlackElo "2343"]
[PlyCount "82"]
[EventDate "2010.??.??"]

1. d4 e6 2. e4 d5 3. exd5 exd5 4. Nf3 Nf6 5. Bd3 Bd6 6. O-O O-O 7. Re1 Bg4 8.
Nbd2 Nc6 9. c3 Qd7 10. Nf1 Rae8 11. Ne3 Bh5 12. Nf5 Rxe1+ 13. Qxe1 Bxf3 14.
gxf3 Re8 15. Qf1 Ne7 16. Nxd6 Qxd6 17. Bd2 Ng6 18. Re1 Rxe1 19. Qxe1 h6 20. Qe3
Qd7 21. Bxg6 fxg6 22. Qe5 Kf7 23. Bf4 Ne8 24. Kg2 Qe6 25. Qe3 c6 26. Be5 Qf5
27. Qe2 g5 28. h3 a6 29. a3 Kg6 30. Kg3 Qe6 31. Qc2+ Qf5 32. Qe2 Qe6 33. Qc2+
Kf7 34. Kg2 Nf6 35. Bxf6 Kxf6 36. Qd2 Kg6 37. Kg3 Qd6+ 38. Kg2 Qe6 39. Kg3 Kh5
40. Qe3 Qd6+ 41. Kg2 Kg6 1/2-1/2

[Event "BL 1011 SC Eppingen - Turm Emsdetten"]
[Site "?"]
[Date "2010.11.13"]
[Round "3.1"]
[White "Giri, Anish"]
[Black "Berkes, Ferenc"]
[Result "0-1"]
[WhiteElo "2677"]
[BlackElo "2678"]
[PlyCount "80"]
[EventDate "2010.??.??"]

1. d4 Nf6 2. c4 e6 3. Nf3 d5 4. g3 Bb4+ 5. Bd2 Be7 6. Bg2 c6 7. Qc2 O-O 8. O-O
b6 9. Bf4 Bb7 10. Rd1 Nbd7 11. Nc3 dxc4 12. Ne5 Nd5 13. Nxc4 Nxf4 14. gxf4 Qc7
15. e3 Rad8 16. Qe2 Ba6 17. Rac1 Nf6 18. Ne4 c5 19. Nxf6+ Bxf6 20. d5 exd5 21.
Bxd5 Rd7 22. a4 Rfd8 23. Qf3 Bxc4 24. Bxc4 Bxb2 25. Rb1 Bf6 26. Kg2 g6 27. Rxd7
Qxd7 28. a5 Qa4 29. axb6 Qxc4 30. bxa7 Qa2 31. Qb7 c4 32. Rb6 Bh4 33. Kh3 c3
34. Qb8 Be7 35. Qb7 Bh4 36. Ra6 Qxf2 37. a8=Q c2 38. Qc6 Rxa8 39. Rxa8+ Kg7 40.
Rc8 Bf6 0-1

[Event "BL 1011 SC Eppingen - Turm Emsdetten"]
[Site "?"]
[Date "2010.11.13"]
[Round "3.2"]
[White "Tiviakov, Sergei"]
[Black "Spoelman, Wouter"]
[Result "1/2-1/2"]
[WhiteElo "2637"]
[BlackElo "2538"]
[PlyCount "58"]
[EventDate "2010.??.??"]

1. e4 c5 2. Nc3 Nc6 3. Nge2 d6 4. d4 cxd4 5. Nxd4 Nf6 6. Bg5 e6 7. Qd2 Qb6 8.
Nb3 a6 9. Bxf6 gxf6 10. O-O-O Bd7 11. f4 O-O-O 12. Be2 h5 13. Rhf1 Kb8 14. Kb1
Be7 15. Rf3 Rdg8 16. Bf1 h4 17. Qe1 Rh5 18. Rh3 f5 19. Nd5 exd5 20. exd5 Rh6
21. dxc6 Re6 22. Qa5 Qxa5 23. Nxa5 Bxc6 24. Bxa6 Rxg2 25. Bxb7 Bxb7 26. Rb3 Rd2
27. Rg1 Rg2 28. Rd1 Rd2 29. Rg1 Rg2 1/2-1/2

[Event "BL 1011 SC Eppingen - Turm Emsdetten"]
[Site "?"]
[Date "2010.11.13"]
[Round "3.3"]
[White "Janssen, Ruud"]
[Black "Balogh, Csaba"]
[Result "0-1"]
[WhiteElo "2498"]
[BlackElo "2608"]
[PlyCount "110"]
[EventDate "2010.??.??"]

1. d4 d5 2. c4 e6 3. Nc3 Bb4 4. e3 c5 5. dxc5 Nf6 6. Bd2 Nc6 7. a3 Bxc5 8. b4
Bb6 9. Nf3 O-O 10. Qc2 Bd7 11. Rd1 Rc8 12. c5 Bc7 13. Bd3 e5 14. e4 Bg4 15.
Nxd5 Bxf3 16. gxf3 Nd4 17. Qa2 Nxf3+ 18. Ke2 Nd4+ 19. Kf1 Nxd5 20. exd5 Qf6 21.
Be4 Qa6+ 22. Kg2 f5 23. d6+ Kh8 24. Bd5 Bxd6 25. Be3 Bb8 26. Bxd4 exd4 27. Rxd4
Qg6+ 28. Kf1 Rcd8 29. h4 Qf6 30. Rd3 Qe5 31. Qd2 b6 32. c6 Rd6 33. Rhh3 f4 34.
Bg2 Rdf6 35. Bf3 Qf5 36. Rh1 Qb5 37. Kg2 Rg6+ 38. Kh2 Rxc6 39. Bxc6 f3+ 40. Kg1
Qxc6 41. h5 Qe4 42. Rd4 Qb1+ 43. Qd1 Qf5 44. Rhh4 h6 45. Qd3 Qg5+ 46. Rhg4 Qxh5
47. Qg6 Qe5 48. Rge4 Rc8 49. Rd1 Qh2+ 50. Kf1 Qh3+ 51. Ke1 Qh1+ 52. Kd2 Bf4+
53. Rxf4 Rd8+ 54. Ke3 Qxd1 55. Rf7 Rg8 0-1

[Event "BL 1011 SC Eppingen - Turm Emsdetten"]
[Site "?"]
[Date "2010.11.13"]
[Round "3.4"]
[White "Gyimesi, Zoltan"]
[Black "Brandenburg, Daan"]
[Result "1-0"]
[WhiteElo "2595"]
[BlackElo "2519"]
[PlyCount "107"]
[EventDate "2010.??.??"]

1. d4 d5 2. c4 e6 3. Nf3 c5 4. cxd5 exd5 5. Nc3 Nc6 6. g3 Nf6 7. Bg2 Be7 8. O-O
O-O 9. dxc5 Bxc5 10. Na4 Be7 11. Be3 Bg4 12. Rc1 Re8 13. Nc5 Bxc5 14. Bxc5 Qd7
15. Re1 Rac8 16. Be3 h6 17. Qa4 Bxf3 18. Bxf3 Ne5 19. Qxd7 Nxf3+ 20. exf3 Nxd7
21. Rxc8 Rxc8 22. Rd1 Nf6 23. Bxa7 Ra8 24. Bc5 Rxa2 25. Ba3 b5 26. Rd4 Ne8 27.
Kg2 Nc7 28. Rb4 Ra1 29. Rb3 Rc1 30. Bd6 d4 31. f4 Rc4 32. Bxc7 Rxc7 33. Kf3 Rc2
34. Rxb5 d3 35. h4 d2 36. Ke2 d1=Q+ 37. Kxd1 Rxf2 38. Rb3 Kf8 39. Kc1 Ke7 40.
Rd3 g5 41. fxg5 hxg5 42. hxg5 Rf5 43. Kc2 Rxg5 44. b4 Rb5 45. Kb3 Rb8 46. g4
Ke6 47. Rf3 Rg8 48. Rf4 Ke5 49. Rxf7 Rxg4 50. Ka4 Rg8 51. Ka5 Kd6 52. b5 Ra8+
53. Kb6 Rb8+ 54. Ka6 1-0

[Event "BL 1011 SC Eppingen - Turm Emsdetten"]
[Site "?"]
[Date "2010.11.13"]
[Round "3.5"]
[White "Pruijssers, Roeland"]
[Black "Acs, Peter"]
[Result "1/2-1/2"]
[WhiteElo "2483"]
[BlackElo "2601"]
[PlyCount "68"]
[EventDate "2010.??.??"]

1. e4 c5 2. Nf3 d6 3. d4 cxd4 4. Nxd4 Nf6 5. Nc3 Nc6 6. Bg5 e6 7. Qd2 a6 8.
O-O-O Be7 9. f4 Bd7 10. Nf3 b5 11. Bd3 h6 12. Bh4 b4 13. Ne2 Qc7 14. Ned4 Nxd4
15. Nxd4 Rb8 16. Nf3 b3 17. axb3 Rxb3 18. e5 dxe5 19. Nxe5 Bb4 20. c3 Bxc3 21.
bxc3 Rxc3+ 22. Kb2 Nd5 23. Bb1 O-O 24. Nxd7 Qxd7 25. Ba2 Rb8+ 26. Ka1 Qa4 27.
Rb1 Rbc8 28. Rhc1 Rxc1 29. Rxc1 Rxc1+ 30. Qxc1 Qd4+ 31. Qb2 Qd1+ 32. Bb1 Qa4+
33. Ba2 Qd1+ 34. Bb1 Qa4+ 1/2-1/2

[Event "BL 1011 SC Eppingen - Turm Emsdetten"]
[Site "?"]
[Date "2010.11.13"]
[Round "3.7"]
[White "Kleijn, Christov"]
[Black "Braun, Arik"]
[Result "1-0"]
[WhiteElo "2427"]
[BlackElo "2538"]
[PlyCount "51"]
[EventDate "2010.??.??"]

1. e4 c6 2. d4 d5 3. Nc3 dxe4 4. Nxe4 Nd7 5. Bc4 Ngf6 6. Ng5 e6 7. Qe2 Nb6 8.
Bd3 h6 9. N5f3 c5 10. Bf4 Nbd5 11. Be5 cxd4 12. O-O-O Bd7 13. Nxd4 Rc8 14. Bc4
Qb6 15. Ngf3 Qc5 16. Bb3 Be7 17. Bxf6 gxf6 18. Rhe1 Nb6 19. Qe4 a5 20. Re3 a4
21. Bxe6 Bxe6 22. Nxe6 fxe6 23. Qg6+ Kf8 24. Nd4 Rc6 25. Nxc6 Qxc6 26. Rg3 1-0

[Event "BL 1011 SC Eppingen - Turm Emsdetten"]
[Site "?"]
[Date "2010.11.13"]
[Round "3.8"]
[White "Medvegy, Zoltan"]
[Black "Richter, Christian"]
[Result "1/2-1/2"]
[WhiteElo "2531"]
[BlackElo "2392"]
[PlyCount "46"]
[EventDate "2010.??.??"]

1. c4 Nf6 2. Nc3 g6 3. g3 Bg7 4. Bg2 O-O 5. d4 d6 6. Nf3 Nc6 7. O-O a6 8. Qd3
Nd7 9. Be3 Nb6 10. b3 d5 11. c5 Bf5 12. Qd2 Nc8 13. Rfd1 N8a7 14. Nh4 Be6 15.
a3 Na5 16. Rab1 Nb5 17. a4 Nxc3 18. Qxc3 Nc6 19. b4 Qd7 20. Ra1 b5 21. cxb6
cxb6 22. Rdc1 Rfc8 23. Qd2 Nd8 1/2-1/2

[Event "BL 1011 OSG Baden Baden - SV Wattensche"]
[Site "?"]
[Date "2010.11.13"]
[Round "3.2"]
[White "Adams, Michael"]
[Black "Bogner, Sebastian"]
[Result "1/2-1/2"]
[WhiteElo "2728"]
[BlackElo "2549"]
[PlyCount "43"]
[EventDate "2010.??.??"]

1. e4 c5 2. Nf3 d6 3. d4 cxd4 4. Nxd4 Nf6 5. Nc3 a6 6. a4 e5 7. Nf3 Qc7 8. Bg5
Nbd7 9. Nd2 h6 10. Bh4 g5 11. Bg3 Nc5 12. Bc4 Be6 13. Qe2 Rc8 14. Bxe6 fxe6 15.
a5 Be7 16. h4 Kf7 17. Kf1 Rhg8 18. Kg1 Rg6 19. Rh2 Rgg8 20. Rh1 Rg6 21. Rh2
Rgg8 22. Rh1 1/2-1/2

[Event "BL 1011 OSG Baden Baden - SV Wattensche"]
[Site "?"]
[Date "2010.11.13"]
[Round "3.4"]
[White "Naiditsch, Arkadij"]
[Black "Rustemov, Alexander"]
[Result "1-0"]
[WhiteElo "2674"]
[BlackElo "2541"]
[PlyCount "97"]
[EventDate "2010.??.??"]

1. e4 e6 2. d4 d5 3. Nc3 dxe4 4. Nxe4 Bd7 5. Nf3 Bc6 6. Bd3 Nd7 7. O-O Ngf6 8.
Ned2 Be7 9. Nc4 Bb5 10. c3 O-O 11. a4 Bxc4 12. Bxc4 a5 13. Re1 Nd5 14. Qb3 N7b6
15. Bd3 c6 16. Ne5 Bg5 17. Bxg5 Qxg5 18. Re4 Qd8 19. Rae1 g6 20. Bb1 Nd7 21. c4
Nb4 22. Qe3 Nxe5 23. dxe5 Kg7 24. g3 Qe7 25. Rh4 f5 26. exf6+ Rxf6 27. Re4 Na6
28. Re5 Raf8 29. f4 Qb4 30. b3 Rd8 31. f5 Qd2 32. Qxd2 Rxd2 33. fxe6 Kf8 34.
e7+ Ke8 35. Rxa5 Rb2 36. Bd3 Rxb3 37. Bf1 Nc7 38. Bh3 Rd6 39. Ra7 Rdd3 40. a5
Re3 41. Rxe3 Rxe3 42. Rxb7 Rxe7 43. Rb8+ Kf7 44. Rb6 Ne8 45. Rxc6 Re1+ 46. Kf2
Ra1 47. a6 Ke7 48. c5 Ra2+ 49. Kf3 1-0

[Event "BL 1011 OSG Baden Baden - SV Wattensche"]
[Site "?"]
[Date "2010.11.13"]
[Round "3.5"]
[White "Appel, Ralf"]
[Black "Meier, Georg"]
[Result "1-0"]
[WhiteElo "2547"]
[BlackElo "2659"]
[PlyCount "99"]
[EventDate "2010.??.??"]

1. Nf3 Nf6 2. g3 d5 3. Bg2 Bf5 4. O-O e6 5. d3 Be7 6. Nbd2 O-O 7. Qe1 h6 8. e4
Bh7 9. Qe2 a5 10. Re1 Nc6 11. e5 Nd7 12. Nf1 b5 13. h4 b4 14. Bf4 a4 15. a3
bxa3 16. bxa3 Rb8 17. Qd2 Rb6 18. h5 Qa8 19. Ne3 Qa5 20. Qc1 Rfb8 21. Ng4 Rb2
22. Bxh6 gxh6 23. Nxh6+ Kg7 24. Qf4 Rf8 25. Ng5 Bxg5 26. Qxg5+ Kh8 27. Ng4 Rg8
28. Qf4 Rg7 29. Nf6 Nxf6 30. exf6 Rg8 31. Rxe6 Qc5 32. Rae1 Rbb8 33. R6e3 Rbc8
34. Bh3 d4 35. R3e2 Rcf8 36. Bd7 Nd8 37. Re5 Qxc2 38. Bf5 Bxf5 39. Rxf5 Kh7 40.
Qe4 Qd2 41. Re2 Qc1+ 42. Kh2 Kh6 43. Re1 Qxa3 44. Re5 Qd6 45. Qf4+ Kh7 46. Qf5+
Kh6 47. g4 Rxg4 48. Qxg4 Qxf6 49. Rf5 Qd6+ 50. f4 1-0

[Event "BL 1011 OSG Baden Baden - SV Wattensche"]
[Site "?"]
[Date "2010.11.13"]
[Round "3.6"]
[White "Gustafsson, Jan"]
[Black "Handke, Florian"]
[Result "1/2-1/2"]
[WhiteElo "2646"]
[BlackElo "2494"]
[PlyCount "63"]
[EventDate "2010.??.??"]

1. d4 d5 2. c4 c6 3. Nc3 Nf6 4. e3 a6 5. Nf3 e6 6. Qc2 c5 7. cxd5 exd5 8. Be2
cxd4 9. Nxd4 Bd6 10. Nf5 O-O 11. Nxd6 Qxd6 12. O-O Bg4 13. Rd1 Bxe2 14. Nxe2
Nc6 15. Bd2 Ng4 16. Ng3 d4 17. exd4 Qxd4 18. Bc3 Qc5 19. h3 Nge5 20. Qb3 Qe7
21. Rd5 Rad8 22. Re1 Rxd5 23. Qxd5 Rd8 24. Qe4 f6 25. Nf5 Qf7 26. a3 Qd5 27.
Qe2 Qd3 28. Qxd3 Rxd3 29. f4 Ng6 30. Re4 Rd7 31. Kf2 Kf7 32. Ke2 1/2-1/2

[Event "BL 1011 OSG Baden Baden - SV Wattensche"]
[Site "?"]
[Date "2010.11.13"]
[Round "3.7"]
[White "Hirneise, Tobias"]
[Black "Dautov, Rustem"]
[Result "0-1"]
[WhiteElo "2436"]
[BlackElo "2602"]
[PlyCount "96"]
[EventDate "2010.??.??"]

1. e4 c6 2. d4 d5 3. exd5 cxd5 4. c4 Nf6 5. Nc3 e6 6. Nf3 Bb4 7. cxd5 Nxd5 8.
Bd2 Nc6 9. Bd3 Be7 10. O-O O-O 11. Re1 Bf6 12. Ne4 h6 13. Nxf6+ Nxf6 14. Rc1
Bd7 15. Qb3 Qb6 16. Qxb6 axb6 17. a3 Rfd8 18. Red1 Be8 19. Bc3 Na7 20. Bb4 Ba4
21. Bc2 Bxc2 22. Rxc2 Nc6 23. Rdc1 Nxb4 24. axb4 Nd5 25. h4 f6 26. g3 Kf8 27.
Ne1 Nxb4 28. Rc7 Rab8 29. Nc2 Nd5 30. Rc4 Rd6 31. Nb4 Ne7 32. Ra1 Ke8 33. Kf1
Rbd8 34. Nc2 Rc6 35. Rxc6 Nxc6 36. Ra4 g5 37. hxg5 hxg5 38. Ke2 b5 39. Ra1
Nxd4+ 40. Nxd4 Rxd4 41. Ra7 b6 42. Rb7 Rb4 43. Rxb6 Rxb2+ 44. Ke3 Kd7 45. g4 b4
46. Rb7+ Kd6 47. Rb6+ Kd5 48. Rb5+ Kc6 0-1

[Event "BL 1011 OSG Baden Baden - SV Wattensche"]
[Site "?"]
[Date "2010.11.13"]
[Round "3.8"]
[White "Doettling, Fabian"]
[Black "Dinstuhl, Volkmar Dr"]
[Result "1-0"]
[WhiteElo "2579"]
[BlackElo "2424"]
[PlyCount "59"]
[EventDate "2010.??.??"]

1. d4 Nf6 2. Nf3 e6 3. c4 b6 4. a3 Bb7 5. Nc3 d5 6. cxd5 Nxd5 7. Qc2 Be7 8. e4
Nxc3 9. bxc3 c5 10. Bb5+ Bc6 11. Bd3 Nd7 12. O-O O-O 13. d5 exd5 14. exd5 Bxd5
15. Bxh7+ Kh8 16. Be4 Nf6 17. Bxd5 Qxd5 18. Re1 Bd6 19. Bg5 Rfe8 20. c4 Qc6 21.
Bxf6 gxf6 22. Qf5 Kg7 23. Qg4+ Kf8 24. Nh4 Rxe1+ 25. Rxe1 Re8 26. Rxe8+ Qxe8
27. g3 Qe5 28. Nf5 Ke8 29. Qe4 Kd7 30. Qd3 1-0

[Event "BL 1011 Solinger SG - SV Mülheim Nord"]
[Site "?"]
[Date "2010.11.13"]
[Round "3.3"]
[White "Fridman, Daniel"]
[Black "Stellwagen, Daniel"]
[Result "1/2-1/2"]
[WhiteElo "2645"]
[BlackElo "2635"]
[PlyCount "56"]
[EventDate "2010.??.??"]

1. d4 Nf6 2. Nf3 g6 3. c4 Bg7 4. Nc3 O-O 5. g3 c6 6. Bg2 d5 7. Qa4 dxc4 8. Qxc4
Bf5 9. O-O Nbd7 10. Bf4 Rc8 11. Qb3 Qb6 12. Ne5 Be6 13. Qxb6 Nxb6 14. e4 Rfd8
15. Rfd1 Nfd7 16. Nf3 Bg4 17. Rac1 e5 18. dxe5 Nc4 19. e6 Bxe6 20. b3 Nb2 21.
Rd2 Nc5 22. Rxb2 Nd3 23. Rbb1 Nxc1 24. Rxc1 Bxc3 25. Rxc3 Rd1+ 26. Bf1 Bh3 27.
Rc1 Bxf1 28. Rxd1 Be2 1/2-1/2

[Event "BL 1011 Solinger SG - SV Mülheim Nord"]
[Site "?"]
[Date "2010.11.13"]
[Round "3.4"]
[White "L'Ami, Erwin"]
[Black "Tregubov, Pavel V"]
[Result "0-1"]
[WhiteElo "2624"]
[BlackElo "2598"]
[PlyCount "92"]
[EventDate "2010.??.??"]

1. d4 d5 2. c4 e6 3. Nf3 c6 4. Bg5 Be7 5. Bxe7 Qxe7 6. Nbd2 Nf6 7. e3 Nbd7 8.
Be2 O-O 9. O-O e5 10. dxe5 Nxe5 11. cxd5 Nxd5 12. Nxe5 Qxe5 13. Nc4 Qe7 14. Qd4
Rd8 15. Rfd1 c5 16. Qe5 Qxe5 17. Nxe5 Be6 18. Bc4 Kf8 19. Rd3 Nc7 20. Rad1 Rxd3
21. Rxd3 Bxc4 22. Nxc4 Ne6 23. Kf1 Rd8 24. Ke2 Ke7 25. Rb3 Rd7 26. Ne5 Rc7 27.
f4 b6 28. a4 Nd8 29. a5 bxa5 30. Nc4 Rb7 31. Rxb7+ Nxb7 32. Kd3 Ke6 33. e4 f6
34. g4 a4 35. e5 fxe5 36. Nxe5 g5 37. Nf3 gxf4 38. Kc4 Kd6 39. h4 Na5+ 40. Kd3
Kd5 41. Ng5 Nc4 42. Nxh7 Nxb2+ 43. Kc2 f3 44. Nf6+ Ke5 45. g5 Nc4 46. h5 Ne3+
0-1

[Event "BL 1011 Solinger SG - SV Mülheim Nord"]
[Site "?"]
[Date "2010.11.13"]
[Round "3.7"]
[White "Saltaev, Mihail"]
[Black "Ragger, Markus"]
[Result "0-1"]
[WhiteElo "2483"]
[BlackElo "2628"]
[PlyCount "90"]
[EventDate "2010.??.??"]

1. e4 e5 2. Nf3 Nc6 3. Bb5 a6 4. Ba4 Nf6 5. O-O Be7 6. Re1 b5 7. Bb3 d6 8. c3
O-O 9. d3 Na5 10. Bc2 c5 11. Nbd2 Nc6 12. h3 h6 13. Qe2 Be6 14. Nf1 Re8 15. Bb3
d5 16. exd5 Bxd5 17. Ne3 Bxb3 18. axb3 Qd7 19. Nd2 Nd5 20. Nxd5 Qxd5 21. Qf3
Red8 22. Ne4 Qxd3 23. Qxd3 Rxd3 24. Be3 f5 25. Nxc5 Rxe3 26. Rxe3 Bxc5 27. Rd3
Ra7 28. Rad1 Kf7 29. Rd7+ Ke6 30. Rxa7 Bxa7 31. b4 Bb6 32. Kf1 a5 33. bxa5 Nxa5
34. Ke2 Nb3 35. f3 h5 36. g4 g6 37. gxh5 gxh5 38. Kd3 Nc5+ 39. Ke2 Na4 40. Rd2
Bc7 41. Kd3 Nc5+ 42. Ke3 Bb6 43. Rg2 Kf7 44. b4 Ne4+ 45. Ke2 Nxc3+ 0-1

[Event "BL 1011 Solinger SG - SV Mülheim Nord"]
[Site "?"]
[Date "2010.11.13"]
[Round "3.8"]
[White "Hoffmann, Michael"]
[Black "Levin, Felix"]
[Result "1-0"]
[WhiteElo "2510"]
[BlackElo "2482"]
[PlyCount "99"]
[EventDate "2010.??.??"]

1. c4 e6 2. g3 d5 3. Bg2 Nf6 4. Nf3 dxc4 5. Na3 Bxa3 6. bxa3 Nc6 7. Bb2 O-O 8.
Rc1 Qe7 9. Rxc4 e5 10. O-O Be6 11. Rh4 Bxa2 12. Qa1 Bd5 13. Nxe5 Bxg2 14. Kxg2
Nxe5 15. Bxe5 Rfe8 16. Bxf6 Qxf6 17. Qxf6 gxf6 18. Rc1 c6 19. Rb4 Re7 20. Kf1
Rd8 21. d3 Rd5 22. a4 Kg7 23. Rc3 Red7 24. e3 h5 25. Ke2 b6 26. d4 c5 27. dxc5
bxc5 28. Rbc4 Rd2+ 29. Kf1 Ra2 30. Rxc5 h4 31. gxh4 Rdd2 32. Rf5 Rxa4 33. Rc6
Rxh4 34. Rcxf6 Rd7 35. Kg2 Rg4+ 36. Kf3 Rg6 37. Rxg6+ Kxg6 38. Ra5 Rb7 39. Kg4
Rb4+ 40. Kg3 Rb7 41. e4 Rb3+ 42. f3 Rb7 43. h4 Kg7 44. Kg4 Rc7 45. Ra6 Rb7 46.
h5 Kh7 47. f4 Kg8 48. Kg5 Kg7 49. e5 Kg8 50. f5 1-0

[Event "BL 1011 SC Remagen - SF Katernberg"]
[Site "?"]
[Date "2010.11.13"]
[Round "3.3"]
[White "Bischoff, Klaus"]
[Black "Dgebuadze, Alexandre"]
[Result "1-0"]
[WhiteElo "2553"]
[BlackElo "2524"]
[PlyCount "81"]
[EventDate "2010.??.??"]

1. c4 e5 2. Nc3 Nc6 3. g3 g6 4. Bg2 d6 5. e3 Bg7 6. Nge2 Nf6 7. d3 O-O 8. Qd2
Bd7 9. b3 Qc8 10. h3 Nd8 11. Bb2 Re8 12. Rc1 Ne6 13. f4 c6 14. O-O Nc5 15. Kh2
e4 16. dxe4 Nfxe4 17. Bxe4 Nxe4 18. Nxe4 Rxe4 19. Bxg7 Kxg7 20. Nc3 Re8 21. g4
f5 22. g5 Re6 23. Nd5 Qd8 24. Nf6 c5 25. Qc3 Kf7 26. e4 Bc6 27. exf5 Re2+ 28.
Kg3 Qc8 29. Rce1 Rg2+ 30. Kh4 h6 31. Ng4 Rxg4+ 32. hxg4 hxg5+ 33. Kxg5 Qd8+ 34.
f6 Qh8 35. Re7+ Kf8 36. Qd3 d5 37. cxd5 Rd8 38. dxc6 Rxd3 39. c7 Rd5+ 40. f5
Rxf5+ 41. Rxf5 1-0

[Event "BL 1011 SC Remagen - SF Katernberg"]
[Site "?"]
[Date "2010.11.13"]
[Round "3.4"]
[White "Swinkels, Robin"]
[Black "Fontaine, Robert"]
[Result "1/2-1/2"]
[WhiteElo "2478"]
[BlackElo "2540"]
[PlyCount "76"]
[EventDate "2010.??.??"]

1. d4 d5 2. c4 c6 3. Nf3 Nf6 4. e3 Bf5 5. Nc3 e6 6. Nh4 Be4 7. f3 Bg6 8. Qb3
Qb6 9. Nxg6 hxg6 10. Bd2 Nbd7 11. g3 Be7 12. Bd3 g5 13. Qc2 Qc7 14. cxd5 exd5
15. O-O-O O-O-O 16. e4 dxe4 17. Nxe4 Nxe4 18. fxe4 Nb6 19. Be3 Kb8 20. Qf2 c5
21. dxc5 Na4 22. Bc2 Bxc5 23. Kb1 Rxd1+ 24. Rxd1 Bxe3 25. Qxe3 Nb6 26. Qxg5
Rxh2 27. Bb3 f6 28. Qf4 Qxf4 29. gxf4 Re2 30. Rd8+ Kc7 31. Rg8 Rxe4 32. Rxg7+
Kc6 33. f5 Re1+ 34. Kc2 Re5 35. Be6 Nd5 36. Rg6 Ne3+ 37. Kd3 Nxf5 38. Rxf6 Nd6
1/2-1/2

[Event "BL 1011 SC Remagen - SF Katernberg"]
[Site "?"]
[Date "2010.11.13"]
[Round "3.5"]
[White "Lahno, Kateryna"]
[Black "Bok, Benjamin"]
[Result "1/2-1/2"]
[WhiteElo "2539"]
[BlackElo "2453"]
[PlyCount "96"]
[EventDate "2010.??.??"]

1. e4 e5 2. Nf3 Nc6 3. d4 exd4 4. Nxd4 Bc5 5. Nb3 Bb6 6. Nc3 Nf6 7. Bg5 h6 8.
Bh4 d6 9. Bd3 g5 10. Bg3 Qe7 11. h4 Rg8 12. hxg5 hxg5 13. Qd2 Be6 14. O-O-O
O-O-O 15. Nd5 Nxd5 16. exd5 Bxd5 17. Bh7 Bxg2 18. Rhg1 Bf3 19. Rde1 Qf6 20.
Bxg8 Rxg8 21. Bh4 gxh4 22. Rxg8+ Kd7 23. c4 Nd4 24. Rge8 Ne6 25. R8xe6 fxe6 26.
c5 h3 27. cxb6 axb6 28. Nd4 Bd5 29. Ne2 h2 30. Ng3 Qh4 31. Qe2 Qh6+ 32. Qe3 Qh3
33. b3 Qh8 34. Kc2 Qh7+ 35. Kb2 Qh8+ 36. Kc2 Qh7+ 37. Kb2 Qh8+ 38. Qc3 Qf8 39.
Qd4 c5 40. Qe3 Qh8+ 41. Kc2 Qh7+ 42. Qd3 Qf7 43. f4 Kc6 44. Qe3 Qg6+ 45. Kd2
Qg7 46. Kc2 Qg6+ 47. Kb2 Qf6+ 48. Kc2 Qg6+ 1/2-1/2

[Event "BL 1011 SC Remagen - SF Katernberg"]
[Site "?"]
[Date "2010.11.13"]
[Round "3.6"]
[White "Michiels, Bart"]
[Black "Ris, Robert"]
[Result "1/2-1/2"]
[WhiteElo "2459"]
[BlackElo "2416"]
[PlyCount "66"]
[EventDate "2010.??.??"]

1. e4 e5 2. Bc4 Nf6 3. d3 c6 4. Nf3 d5 5. Bb3 Bd6 6. Nc3 dxe4 7. Ng5 O-O 8.
Ncxe4 Nxe4 9. Nxe4 Bf5 10. Qf3 Bxe4 11. dxe4 Nd7 12. c3 a5 13. O-O Nc5 14. Bc2
Qe7 15. Rd1 a4 16. Be3 Rfd8 17. Rd2 b5 18. Rad1 Ne6 19. g3 Bc5 20. Rxd8+ Rxd8
21. Rxd8+ Qxd8 22. Bc1 g6 23. Kg2 Kg7 24. Qd1 Qf6 25. Qf3 Qd8 26. b3 axb3 27.
Bxb3 Qd6 28. Qd1 Qxd1 29. Bxd1 Bb6 30. Bc2 Kf6 31. a4 Ba5 32. axb5 cxb5 33. Bd3
Bxc3 1/2-1/2

[Event "BL 1011 SC Remagen - SF Katernberg"]
[Site "?"]
[Date "2010.11.13"]
[Round "3.7"]
[White "Thesing, Matthias"]
[Black "Teske, Henrik"]
[Result "1/2-1/2"]
[WhiteElo "2432"]
[BlackElo "2522"]
[PlyCount "46"]
[EventDate "2010.??.??"]

1. e4 e5 2. Nf3 Nf6 3. Nxe5 d6 4. Nf3 Nxe4 5. Bd3 Ng5 6. O-O Nc6 7. Re1+ Be6 8.
Bb5 Be7 9. d4 Nxf3+ 10. Qxf3 d5 11. c3 Qd7 12. Bf4 O-O 13. Nd2 a6 14. Bd3 Bd6
15. Nb3 b6 16. a4 a5 17. Bb5 Bxf4 18. Qxf4 Rad8 19. Nc1 Qd6 20. Nd3 Na7 21. Ba6
Nc6 22. Bb5 Na7 23. Ba6 Nc6 1/2-1/2

[Event "BL 1011 SC Remagen - SF Katernberg"]
[Site "?"]
[Date "2010.11.13"]
[Round "3.8"]
[White "Popovic, Petar"]
[Black "Siebrecht, Sebastian"]
[Result "1/2-1/2"]
[WhiteElo "2495"]
[BlackElo "2421"]
[PlyCount "41"]
[EventDate "2010.??.??"]

1. e4 c5 2. Nf3 e6 3. d4 cxd4 4. Nxd4 a6 5. Bd3 Bc5 6. Be3 Qb6 7. c3 Nc6 8. O-O
Nxd4 9. b4 Ne2+ 10. Qxe2 Bxe3 11. fxe3 Nf6 12. e5 Nd5 13. Rf3 Qc7 14. Nd2 Qxe5
15. Raf1 Nf6 16. Rg3 Nh5 17. Rh3 Nf6 18. Rg3 Nh5 19. Rh3 Nf6 20. Rg3 Nh5 21.
Rh3 1/2-1/2